Právnická príručka /

Uložené v:
Podrobná bibliografia
Ďalší autori: Zlatný, V. (Editor)
Médium: Kniha
Jazyk:Slovak
Vydané: Bratislava : Slovenské vydavateľstvo politickej literatúry, 1957.
Vydanie:2. preprac. a rozšír. vyd.
ISBN: (viaz.)
Fyzický popis: 468 s.
Tagy: Pridať tag
Žiadne tagy, Buďte prvý kto otaguje tento záznam!

MARC

LEADER 00000nam a2200000 a 4500
001 000145310
005 20091220174103.0
008 040101s1957 xo e slo d
020 |a (viaz.) 
040 |a SVKKK  |b slo  |c SVKKK  |e AACR2 
041 0 |a slo 
044 |a xo  |c SK 
245 0 0 |a Právnická príručka /  |c red. V. Zlatný. 
250 |a 2. preprac. a rozšír. vyd. 
260 |a Bratislava :  |b Slovenské vydavateľstvo politickej literatúry,  |c 1957. 
300 |a 468 s. 
700 1 |a Zlatný, V.  |4 edt 
910 |a svkkk 
998 |a BK 
090 |g SCKHL  |k Sklad Pribinova 2. posch.  |a III.100034  |j 452840  |i 2720237435  |s Prezenčne